Iskusstvo rešenija problem
Salvato in:
| Autore principale: | |
|---|---|
| Natura: | Libro |
| Lingua: | russo |
| Pubblicazione: |
Moskva
Mir
1982
|
| Serie: | Dlja naučnych bibliotek
|
| Tags: |
Nessun Tag, puoi essere il primo ad aggiungerne!!
|
MARC
| LEADER | 00000nam a2200000 4500 | ||
|---|---|---|---|
| 001 | c111668 | ||
| 005 | 20041019155150.5 | ||
| 041 | 0 | |a rus | |
| 044 | |a RU | ||
| 245 | 1 | 0 | |a Iskusstvo rešenija problem |c Russell L. Ackoff |
| 264 | 1 | |a Moskva |b Mir |c 1982 | |
| 300 | |a 219 s. | ||
| 490 | 1 | |a Dlja naučnych bibliotek | |
| 830 | 0 | |a Dlja naučnych bibliotek | |
| 100 | 1 | |a Ackoff, Russell L. | |